[Event "Chess Festival 2008 - IM Tespo Engineer"]
[Site "Brno CZE"]
[Date "2008.07.04"]
[Round "9.6"]
[White "Ponizil, Cyril"]
[Black "Vymazal, Bronislav"]
[Result "1/2-1/2"]
[WhiteElo "2304"]
[BlackElo "2312"]
[PlyCount "117"]
[EventDate "2008.06.27"]
[EventType "tourn"]
[EventRounds "11"]
[EventCountry "CZE"]
[EventCategory "2"]
[Source "lmi"]
[SourceDate "2008.06.27"]

1. e4 c5 2. Nf3 d6 3. d4 cxd4 4. Nxd4 Nf6 5. Nc3 Nc6 6. Bc4 e6 7. Bb3 Be7 8.
Be3 a6 9. Qe2 Qc7 10. O-O-O Na5 11. Kb1 b5 12. f3 Nxb3 13. cxb3 Bb7 14. Rc1 Qa5
15. Nc2 Rc8 16. b4 Qc7 17. a3 Qb8 18. Nd4 O-O 19. g4 Qa8 20. Ka2 Nd7 21. Bf2
Ne5 22. f4 Nd7 23. Rhe1 Rfe8 24. Nb3 e5 25. f5 Bg5 26. Rcd1 Nf6 27. Na5 Rxc3
28. Nxb7 Qxb7 29. bxc3 d5 30. exd5 Nxd5 31. Kb2 e4 32. Bd4 Qc6 33. Qc2 e3 34.
Re2 h6 35. Qb3 Nf6 36. Bxf6 Bxf6 37. Rd3 Qf3 38. Qc2 Re4 39. h3 Re8 40. Rh2 Bh4
41. Qe2 Qg3 42. Rd1 Bf6 43. Rhh1 Bh4 44. Rdf1 Bf6 45. Rf3 Qe5 46. Rc1 Qe4 47.
Rff1 a5 48. Qxb5 axb4 49. axb4 e2 50. Rfe1 Bh4 51. Kb3 Qe3 52. f6 Bxe1 53. Rxe1
gxf6 54. Kc2 Re6 55. Qd3 Qf2 56. Kd2 Qf4+ 57. Kc2 Re3 58. Qd4 Re4 59. Qd3
1/2-1/2

[Event "Chess Festival 2008 - IM Tespo Engineer"]
[Site "Brno CZE"]
[Date "2008.07.05"]
[Round "10.2"]
[White "Bolt, Graham"]
[Black "Ponizil, Cyril"]
[Result "0-1"]
[WhiteElo "2118"]
[BlackElo "2304"]
[PlyCount "88"]
[EventDate "2008.06.27"]
[EventType "tourn"]
[EventRounds "11"]
[EventCountry "CZE"]
[EventCategory "2"]
[Source "lmi"]
[SourceDate "2008.06.27"]

1. e4 c5 2. Nf3 e6 3. d4 cxd4 4. Nxd4 a6 5. Bd3 Qc7 6. Qe2 d6 7. Nc3 g6 8. Be3
Bg7 9. O-O Nf6 10. Nb3 Nbd7 11. f4 b6 12. f5 Ne5 13. fxe6 fxe6 14. Bf4 Nh5 15.
Be3 Bb7 16. Nd4 Qe7 17. Nf3 Nd7 18. Ng5 Bf6 19. Nf3 O-O 20. Qd2 Rac8 21. Rad1
Nc5 22. Nd4 Be5 23. Nf3 Bg7 24. Bg5 Qc7 25. Rde1 b5 26. Nd1 Nf6 27. Nf2 Nfd7
28. c3 d5 29. exd5 Bxd5 30. Be2 Nf6 31. Nd4 Nfe4 32. Nxe4 Nxe4 33. Qe3 Nxg5 34.
Qxg5 Bxd4+ 35. cxd4 Bxa2 36. Rxf8+ Rxf8 37. Qc5 Qf4 38. Bf3 Bd5 39. Qc3 Bxf3
40. Qxf3 Qxd4+ 41. Qe3 Qxe3+ 42. Rxe3 Rf6 43. h4 Kf7 44. g3 Ke7 0-1

[Event "Chess Festival 2008 - IM Tespo Engineer"]
[Site "Brno CZE"]
[Date "2008.07.05"]
[Round "10.3"]
[White "Bartos, Jan"]
[Black "Kuchynka, Lukas"]
[Result "1/2-1/2"]
[WhiteElo "2192"]
[BlackElo "2163"]
[PlyCount "72"]
[EventDate "2008.06.27"]
[EventType "tourn"]
[EventRounds "11"]
[EventCountry "CZE"]
[EventCategory "2"]
[Source "lmi"]
[SourceDate "2008.06.27"]

1. d4 Nf6 2. Nf3 e6 3. e3 b6 4. Bd3 Bb7 5. O-O c5 6. c4 Be7 7. d5 exd5 8. cxd5
Nxd5 9. Be4 Nxe3 10. Bxb7 Nxd1 11. Bxa8 Nxf2 12. Rxf2 d5 13. Nc3 d4 14. Nd5 O-O
15. Nxe7+ Qxe7 16. Bf4 Na6 17. Bd5 Nb4 18. Bc4 Qd7 19. Ne5 Qb7 20. Bd2 Nd5 21.
Raf1 f6 22. a4 a6 23. Rf5 Rd8 24. Nd3 Kf8 25. Re1 Qc6 26. Ree5 Ne7 27. Nf4 Nxf5
28. Ne6+ Ke8 29. Nxd8+ Kxd8 30. Rxf5 Qxa4 31. b3 Qa2 32. Rd5+ Ke7 33. Bf4 Qb1+
34. Kf2 Qe4 35. Bd6+ Ke8 36. Bc7 Qe3+ 1/2-1/2

[Event "Chess Festival 2008 - IM Tespo Engineer"]
[Site "Brno CZE"]
[Date "2008.07.05"]
[Round "10.4"]
[White "Luch, Michal"]
[Black "Kulovana, Eva"]
[Result "1/2-1/2"]
[WhiteElo "2383"]
[BlackElo "2315"]
[PlyCount "63"]
[EventDate "2008.06.27"]
[EventType "tourn"]
[EventRounds "11"]
[EventCountry "CZE"]
[EventCategory "2"]
[Source "lmi"]
[SourceDate "2008.06.27"]

1. Nf3 d5 2. c4 c6 3. e3 Nf6 4. Nc3 Bg4 5. Qb3 Qb6 6. Ne5 Be6 7. Na4 Qxb3 8.
axb3 Nbd7 9. Nxd7 Nxd7 10. Nc3 f6 11. d4 Bf7 12. cxd5 Bxd5 13. Nxd5 cxd5 14.
Bd2 a6 15. b4 e6 16. b5 Bd6 17. bxa6 bxa6 18. Bxa6 Ke7 19. Ke2 Rhb8 20. Ra2 h5
21. h3 Bb4 22. Rha1 Bxd2 23. Kxd2 Rb6 24. Be2 Rab8 25. Rb1 h4 26. Bd1 e5 27. b3
exd4 28. exd4 f5 29. Bc2 Kf6 30. Re1 g6 31. Ra7 Nf8 32. Bd1 1/2-1/2

[Event "Chess Festival 2008 - IM Tespo Engineer"]
[Site "Brno CZE"]
[Date "2008.07.05"]
[Round "10.5"]
[White "Rutkowski, Maciej"]
[Black "Roubalik, Jakub"]
[Result "1/2-1/2"]
[WhiteElo "2402"]
[BlackElo "2175"]
[PlyCount "31"]
[EventDate "2008.06.27"]
[EventType "tourn"]
[EventRounds "11"]
[EventCountry "CZE"]
[EventCategory "2"]
[Source "lmi"]
[SourceDate "2008.06.27"]

1. e4 c5 2. Nf3 Nc6 3. Bb5 g6 4. O-O Bg7 5. c3 Nf6 6. Qe2 O-O 7. d4 cxd4 8.
cxd4 d5 9. e5 Ne8 10. Rd1 Nc7 11. Bxc6 bxc6 12. Qc2 Qd7 13. b3 Qe6 14. Nc3 Ba6
15. Be3 f6 16. Na4 1/2-1/2

[Event "Chess Festival 2008 - IM Tespo Engineer"]
[Site "Brno CZE"]
[Date "2008.07.05"]
[Round "10.6"]
[White "Krejci, Jan"]
[Black "Daulyte, Deimante"]
[Result "1-0"]
[WhiteElo "2354"]
[BlackElo "2249"]
[PlyCount "137"]
[EventDate "2008.06.27"]
[EventType "tourn"]
[EventRounds "11"]
[EventCountry "CZE"]
[EventCategory "2"]
[Source "lmi"]
[SourceDate "2008.06.27"]

1. e4 e5 2. Nf3 Nc6 3. Bb5 a6 4. Ba4 Nf6 5. O-O Be7 6. Re1 b5 7. Bb3 d6 8. c3
O-O 9. h3 Nb8 10. d4 Nbd7 11. Nbd2 Bb7 12. Bc2 Re8 13. Nf1 Bf8 14. Ng3 g6 15.
a4 c5 16. d5 Qc7 17. Be3 c4 18. Qd2 Nc5 19. Bh6 Qe7 20. Ra3 Reb8 21. Rea1 Nfd7
22. Be3 Nb6 23. axb5 axb5 24. Ra5 Bc8 25. Qc1 Rxa5 26. Rxa5 Nba4 27. Bxa4 Nxa4
28. Ra7 Bd7 29. Bg5 Qe8 30. Bh6 Be7 31. Bg5 f6 32. Be3 Qc8 33. Ne1 Bd8 34. Nc2
Be8 35. Nb4 Bb6 36. Bxb6 Rxb6 37. Nf1 Qb8 38. Re7 Qd8 39. Ra7 Qb8 40. Ra6 Rb7
41. Qc2 Rf7 42. Ne3 Bd7 43. Kh1 f5 44. exf5 gxf5 45. Nc6 Qf8 46. f3 f4 47. Nf1
Nc5 48. Rb6 Qh6 49. Nxe5 Re7 50. Nxd7 Nxd7 51. Rb7 Qh4 52. Qf5 Re1 53. Kg1 Nf6
54. Qc8+ Re8 55. Qc7 Qg5 56. Qxd6 Re2 57. Qd8+ Re8 58. Qc7 Re2 59. Rb8+ Ne8 60.
g3 Qxd5 61. Qxf4 Qc5+ 62. Qd4 Qxd4+ 63. cxd4 Rxb2 64. Rxe8+ Kf7 65. Rc8 Ke6 66.
Ne3 Re2 67. Nxc4 Rc2 68. d5+ Kf6 69. Rc6+ 1-0

[Event "Chess Festival 2008 - IM Tespo Engineer"]
[Site "Brno CZE"]
[Date "2008.07.06"]
[Round "11.1"]
[White "Daulyte, Deimante"]
[Black "Popchev, Milko"]
[Result "1/2-1/2"]
[WhiteElo "2249"]
[BlackElo "2426"]
[PlyCount "20"]
[EventDate "2008.06.27"]
[EventType "tourn"]
[EventRounds "11"]
[EventCountry "CZE"]
[EventCategory "2"]
[Source "lmi"]
[SourceDate "2008.06.27"]

1. e4 e5 2. Nf3 Nf6 3. Nxe5 d6 4. Nf3 Nxe4 5. Nc3 Nf6 6. d4 Be7 7. Bd3 Bg4 8.
O-O O-O 9. h3 Bh5 10. Re1 Bg6 1/2-1/2

[Event "Chess Festival 2008 - IM Tespo Engineer"]
[Site "Brno CZE"]
[Date "2008.07.06"]
[Round "11.2"]
[White "Roubalik, Jakub"]
[Black "Krejci, Jan"]
[Result "0-1"]
[WhiteElo "2175"]
[BlackElo "2354"]
[PlyCount "84"]
[EventDate "2008.06.27"]
[EventType "tourn"]
[EventRounds "11"]
[EventCountry "CZE"]
[EventCategory "2"]
[Source "lmi"]
[SourceDate "2008.06.27"]

1. d4 d5 2. c4 c6 3. Nc3 Nf6 4. Nf3 e6 5. Bg5 h6 6. Bh4 dxc4 7. e4 g5 8. Bg3 b5
9. Be2 Bb7 10. O-O Nbd7 11. Qc2 Bg7 12. Bd6 Bf8 13. Bg3 Bg7 14. Ne5 Qb6 15.
Rad1 h5 16. h4 gxh4 17. Bxh4 Rg8 18. Nxd7 Nxd7 19. d5 cxd5 20. exd5 Bf6 21. Qh7
O-O-O 22. Bxf6 Nxf6 23. Qxf7 Rdf8 24. Qe7 Nxd5 25. Nxd5 Bxd5 26. Rxd5 exd5 27.
Bxh5 Qc7 28. Qb4 Rf5 29. Be2 d4 30. Qd2 d3 31. Bd1 Qc6 32. f4 Qc5+ 33. Rf2 Rf7
34. Bf3 Re7 35. f5 Rge8 36. f6 Re1+ 37. Kh2 Rh8+ 38. Kg3 Qe5+ 39. Qf4 Rg8+ 40.
Bg4+ Rxg4+ 41. Kxg4 Re4 42. f7 Qg7+ 0-1

[Event "Chess Festival 2008 - IM Tespo Engineer"]
[Site "Brno CZE"]
[Date "2008.07.06"]
[Round "11.4"]
[White "Kuchynka, Lukas"]
[Black "Luch, Michal"]
[Result "1/2-1/2"]
[WhiteElo "2163"]
[BlackElo "2383"]
[PlyCount "53"]
[EventDate "2008.06.27"]
[EventType "tourn"]
[EventRounds "11"]
[EventCountry "CZE"]
[EventCategory "2"]
[Source "lmi"]
[SourceDate "2008.06.27"]

1. e4 c5 2. Nf3 d6 3. d4 cxd4 4. Nxd4 Nf6 5. Nc3 a6 6. Bg5 e6 7. f4 Qc7 8. Qf3
Nc6 9. O-O-O Bd7 10. Bxf6 gxf6 11. f5 Nxd4 12. Rxd4 Qc5 13. fxe6 Qg5+ 14. Kb1
fxe6 15. g3 Qe5 16. Rd1 Bc6 17. Bh3 Bg7 18. Rhe1 Kf7 19. Nd5 Rae8 20. Nf4 Re7
21. Qb3 Bh6 22. Qf3 Rf8 23. Nd3 Qa5 24. Nf4 Rd8 25. Qg4 Qe5 26. Qf3 Qa5 27. Qg4
1/2-1/2

[Event "Chess Festival 2008 - IM Tespo Engineer"]
[Site "Brno CZE"]
[Date "2008.07.06"]
[Round "11.5"]
[White "Ponizil, Cyril"]
[Black "Bartos, Jan"]
[Result "1/2-1/2"]
[WhiteElo "2304"]
[BlackElo "2192"]
[PlyCount "69"]
[EventDate "2008.06.27"]
[EventType "tourn"]
[EventRounds "11"]
[EventCountry "CZE"]
[EventCategory "2"]
[Source "lmi"]
[SourceDate "2008.06.27"]

1. e4 e5 2. Nc3 Nf6 3. f4 d5 4. fxe5 Nxe4 5. d3 Nxc3 6. bxc3 d4 7. Nf3 Nc6 8.
Be2 Be7 9. O-O O-O 10. Bb2 Bc5 11. Kh1 Qd5 12. Qd2 f6 13. exf6 Rxf6 14. cxd4
Nxd4 15. Nxd4 Bxd4 16. c3 Qa5 17. Qc2 Be5 18. d4 Bd6 19. Bc4+ Kh8 20. Rxf6 gxf6
21. Qf2 Kg7 22. Rf1 Qg5 23. Bc1 Qg6 24. Bd3 f5 25. g4 Bd7 26. d5 Rf8 27. gxf5
Qh5 28. Bf4 Bxf5 29. Qd4+ Kg8 30. Bxd6 cxd6 31. Rg1+ Bg6 32. Rg4 Rf3 33. Be2
Rh3 34. Kg1 Qh6 35. Rg3 1/2-1/2

[Event "Chess Festival 2008 - IM Tespo Engineer"]
[Site "Brno CZE"]
[Date "2008.07.06"]
[Round "11.6"]
[White "Vymazal, Bronislav"]
[Black "Bolt, Graham"]
[Result "1-0"]
[WhiteElo "2312"]
[BlackElo "2118"]
[PlyCount "55"]
[EventDate "2008.06.27"]
[EventType "tourn"]
[EventRounds "11"]
[EventCountry "CZE"]
[EventCategory "2"]
[Source "lmi"]
[SourceDate "2008.06.27"]

1. e4 c5 2. Nf3 Nc6 3. Bb5 g6 4. O-O Bg7 5. c3 Nf6 6. Qa4 O-O 7. d4 cxd4 8.
cxd4 a6 9. Nc3 Rb8 10. Bd3 b5 11. Qd1 d6 12. h3 Bb7 13. Be3 Na5 14. b4 Nc4 15.
Bxc4 bxc4 16. d5 e6 17. Rc1 exd5 18. exd5 Re8 19. a3 Qd7 20. Qd2 Rbc8 21. Bd4
Qf5 22. Rfd1 Re7 23. Nh2 Rce8 24. g4 Qd7 25. g5 Ne4 26. Nxe4 Bxd4 27. Nf6+ Bxf6
28. gxf6 1-0